Paul's Epistles - Statistics

General Stats
  • This quiz has been taken 29 times
  • The average score is 9 of 13
Answer Stats
Books % Correct
Romans
93%
Ephesians
85%
1 Corinthians
74%
Galatians
74%
Philippians
74%
2 Corinthians
70%
1 Thessalonians
67%
1 Timothy
67%
2 Thessalonians
67%
2 Timothy
67%
Colossians
63%
Titus
59%
Philemon
56%
No matching quizzes found
Score Distribution
Percent of People with Each Score
Percentile by Number Answered
Your Score History
You have not taken this quiz